000 01330cam a2200337 i 4500
650 0 _aCriminal law
_zTurkey
_939535
999 _c200003141
_d35238
001 200003141
003 TR-AnTOB
005 20230809001253.0
008 110920b2010 tu 000 0 d
020 _a9789944265195
040 _aTR-AnTOB
_beng
_cTR-AnTOB
041 0 _atur
050 1 4 _aKKX3790
_b.A788 2010
090 _aKKX3790 .A788 2010
100 1 _aArtuk, Mehmet Emin
_eauthor
_969441
245 1 0 _aUygulamalı Ceza Hukuku :
_bgenel hükümler - özel hükümler - ceza muhakemesi hukuku /
_cMehmet Emin Artuk, Ahmet Gökcen, A. Caner Yenidünya.
250 _a4. baskı
264 1 _aAnkara :
_bTurhan Kitabevi,
_c2010.
300 _axii, 516 pages ;
_c24 cm.
336 _atext
_btxt
_2rdacontent
337 _aunmediated
_bn
_2rdamedia
338 _avolume
_bnc
_2rdacarrier
500 _aCeza Hukuku genel hükümler, ceza hukuku özel hükümler ve ceza muhakemesi hukuku derslerinin sınavlarında sorulan olay çözümleri, pratik kurlar için çözülmemiş olay ve Yargıtay kararları
504 _aIncludes bibliographical references and index.
650 7 _aCeza hukuku
_zTürkiye
_2etuturkob
_948989
700 1 _aYenidünya, Ahmet Caner,
_d1973-
_eauthor
_969464
700 1 _aGökçen, Ahmet,
_d1960-
_eauthor
_969442
942 _cBK
_2lcc